[Event "Berkeley Summer IM 2019"]
[Site "Berkeley"]
[Date "2019.08.18"]
[Round "2.5"]
[White "Hernandez Moya, Yuleisy"]
[Black "Matras-Clement, Agnieszka"]
[Result "1/2-1/2"]
[WhiteElo "2199"]
[BlackElo "2260"]
[Annotator "TA"]
[PlyCount "132"]
[EventDate "2019.08.14"]
[EventType "tourn"]
[EventCountry "USA"]
[SourceTitle "playchess.com"]
[Source "ChessBase"]
[SourceQuality "1"]

{[%evp 13,132,23,36,-15,-9,-28,-23,-22,-15,-33,-34,-35,-30,-35,-23,-21,-25,-33,-29,-20,-9,-14,-13,-16,-4,-9,-8,-29,-29,-63,-40,-80,-75,-72,-66,-115,-87,-97,-62,-127,-20,-58,-65,-33,-29,-19,-7,-12,-3,-13,-10,-32,0,0,0,0,0,0,89,90,82,0,314,214,225,173,144,45,40,0,48,43,37,0,0,0,2,-4,-4,-24,2,2,2,2,8,8,34,50,54,64,66,66,75,14,14,14,93,66,86,85,93,93,93,93,93,0,0,0,4,4,4,4,4,4,4,4,4,0,0,0,4]} 1. e4 c6 2. d4 d5 3. exd5 cxd5 4. Nf3 Nf6 5. Bd3 Nc6 6. c3 Bg4 7. h3 Bh5 8. Nbd2 {B13: Caro-Kann: Exchange Variation and Panov-Botvinnik Attack} (8. Bf4 $14) (8. O-O e6 9. Nbd2 Bd6 10. Re1 O-O 11. Nf1 Qc7 12. Bg5 Nd7 13. Bh4 Bg6 14. Bg3 Bxd3 15. Qxd3 h6 16. Bxd6 Qxd6 17. Ng3 Rae8 {½-½ (17) Potapov,P (2493)-Motylev,A (2663) Tallinn 2016}) 8... e6 $11 9. Nf1 Bd6 10. Ng3 {Black has an edge.} Bg6 11. Qe2 $146 ({Predecessor:} 11. Bxg6 hxg6 12. Bg5 Qc7 13. Bxf6 gxf6 14. Ne2 b5 15. Qd3 Rb8 {1-0 (41) Buksa,N (2410)-Gvanceladze,A (2264) St Petersburg 2018}) 11... Bxd3 12. Qxd3 Qc7 13. Ne2 Ne4 14. O-O O-O 15. Ng5 Nxg5 16. Bxg5 a6 17. Qf3 b5 18. Bf4 Rac8 19. Bxd6 Qxd6 20. Nf4 b4 21. Rfe1 Rc7 22. Re3 bxc3 23. bxc3 Ne7 24. Qg4 Rfc8 25. Rae1 {[%cal Rf4e6]} Ng6 ({Much weaker is} 25... Rxc3 $6 {[#]} 26. Nxe6 $1 {[%mdl 512]} g6 27. Nc5 $11) 26. Ne2 (26. Nxg6 $15 hxg6 27. Rc1) 26... f5 ({Black should play} 26... Qa3 $17 27. Rg3 Qxa2) 27. Qg5 f4 28. Rd3 Rf7 {[%cal Bc7f7,Bf7f5,Bf5g5][%mdl 32]} 29. h4 Rf5 30. Qg4 Rcf8 31. h5 Ne7 32. Nc1 {[%cal Be2c1,Bc1d3,Bd3e5][%mdl 32]} h6 33. Rf3 R8f6 {With the idea ...Rg5.} 34. Nd3 Rg5 35. Qh4 Nf5 (35... Rgf5 $11) 36. Qxf4 $16 Qf8 37. Qh2 (37. Rh3 $16) 37... Qf7 $2 {[%mdl 8192] [#]} (37... Nh4 $1 $11 {and Black is okay.} 38. Rg3 Rxh5) 38. Ne5 Qxh5 39. Qxh5 Rxh5 40. g4 (40. Rb1 $16) 40... Rg5 $14 41. Kf1 (41. Rb1 {is more complex.} Nd6 42. Rb8+ Kh7 43. Rg3 Ne4 44. Rg2) 41... Nd6 (41... Nxd4 {with more complications.} 42. Rg3 Nc2 43. Re2 Na3 44. Nf3 Rgg6) 42. Rxf6 gxf6 {[%mdl 4096] Endgame KRN-KRN} 43. Nd7 Kf7 44. f3 a5 45. Kf2 h5 46. Nc5 e5 47. dxe5 fxe5 48. Rd1 hxg4 49. Rxd5 g3+ 50. Kg1 Nc4 51. Ne4 $1 {[%cal Re4g5]} Rg6 52. Rc5 Nd6 53. Rxe5 (53. Rc7+ $16 Ke6 54. Rc6) 53... Nxe4 $1 $11 54. Rxe4 $16 {Kg2 is the strong threat. KR-KR} Rc6 (54... Rh6 $11 {remains equal.}) 55. c4 {Hoping for Kg2.} Rb6 56. Re2 Rb1+ 57. Kg2 Rc1 58. Kxg3 Rxc4 59. Re5 (59. Re4 $16 Rc2 60. Ra4) 59... Ra4 $11 {The position is equal.} 60. Re2 Kf6 61. Rc2 Ke5 62. Rf2 Kf5 63. Rh2 Kg5 64. Rb2 Kf5 65. Rb5+ Kf6 66. Rb2 Kf5 {Accuracy: White = 43%, Black = 57%.} 1/2-1/2

[Event "Berkeley Summer IM 2019"]
[Site "Berkeley"]
[Date "2019.08.18"]
[Round "3.1"]
[White "Matras-Clement, Agnieszka"]
[Black "Cervantes Landeiro, Thalia"]
[Result "1-0"]
[WhiteElo "2260"]
[BlackElo "2118"]
[Annotator "TA"]
[PlyCount "117"]
[EventDate "2019.08.14"]
[EventType "tourn"]
[EventCountry "USA"]
[SourceTitle "playchess.com"]
[Source "ChessBase"]
[SourceQuality "1"]

{[%evp 11,117,17,17,9,33,38,23,21,30,28,21,30,32,24,85,78,99,-15,-16,-26,-21,-17,0,0,0,0,0,7,7,18,44,31,41,18,59,0,0,0,-9,-23,-11,-35,-32,-30,-35,-39,-27,-41,-22,-37,-25,-25,-31,-25,0,-42,-32,-28,-38,-187,0,0,0,-21,-21,-22,0,0,0,0,0,0,0,0,0,0,0,0,0,0,0,0,0,0,0,0,0,0,0,0,0,0,0,0,0,0,0,0,0,0,0,0,812,789,29983,29984,29990,29991]} 1. e4 e5 2. Nf3 Nc6 3. Bc4 Bc5 4. c3 Nf6 5. d3 a6 6. Bb3 Ba7 7. h3 {C54: Giuoco Piano: 4 c3 Nf6, main lines with 5 d4 and 5 d3} O-O 8. Bg5 d6 9. Nbd2 {White has an edge.} Be6 10. Nh2 Nb8 $146 ({Predecessor:} 10... h6 11. Bh4 g5 12. Bg3 Qd7 13. h4 g4 14. Qe2 b5 {1-0 (36) Tiviakov,S (2623)-Getz,N (2239) Vadso 2010}) 11. Ng4 Nbd7 12. Qf3 Bxb3 (12... a5 $11) 13. axb3 $16 Qe7 14. Qg3 (14. Nf1 $16) 14... Qe6 $1 $11 15. Nh6+ Kh8 16. Nf5 {With the idea Bh6!} Ne8 17. b4 d5 18. O-O dxe4 19. dxe4 f6 20. Be3 Bxe3 21. Nxe3 ({But not} 21. fxe3 Rd8 $15) 21... Nd6 22. Rfd1 Nb6 {[%cal Bd7b6,Bb6c8,Bc8e7][%mdl 32]} 23. b3 (23. Qg4 $14 Qxg4 24. hxg4) 23... Rad8 24. c4 Nbc8 25. Qf3 Nf7 26. Nc2 Ne7 27. Nf1 Ng5 28. Qe3 Rd7 29. Rd3 Qc6 30. Ng3 Rfd8 31. Rad1 Rxd3 32. Rxd3 Rd6 33. c5 Rxd3 34. Qxd3 {And now Qd8+ would win.} Ne6 35. Nf5 (35. Ne2 $15) 35... Qe8 $2 (35... Nxf5 $1 $19 36. exf5 Qxg2+ $1 {[%mdl 576] Decoy} 37. Kxg2 Nf4+ {[%mdl 64] Double Attack} 38. Kf3 Nxd3) 36. Nxe7 Qxe7 37. c6 bxc6 38. Qxa6 Qd6 39. Qc8+ Nf8 40. Ne3 Qxb4 41. Qxc7 Qxb3 42. Nf5 {[%csl Gf5][%cal Rc7g7]} Qg8 43. Qxc6 h6 44. Qc7 Ne6 45. Qd7 Nc5 46. Qc6 Ne6 47. Qd6 Qf7 48. h4 Kh7 49. g3 Nc7 50. Kg2 Ne6 51. Qd5 (51. f3 {looks sharper.} h5 52. Qd5 Qe8 53. Qb7 Qa4 54. Qf7) 51... h5 52. Ne3 Qe7 53. Nc4 Nc7 54. Qd1 Qf7 55. Nd6 Qg6 56. Qb3 {Threatens to win with Qc4.} Ne8 $2 {[%mdl 8192] [#]} (56... Qg4 $11) 57. Nf5 $1 $18 Qg4 58. f3 Qg6 59. Ne7 {Accuracy: White = 54%, Black = 63%.} 1-0

[Event "Berkeley Summer IM 2019"]
[Site "Berkeley"]
[Date "2019.08.18"]
[Round "3.2"]
[White "Hernandez Moya, Yuleisy"]
[Black "Ordaz Valdes, Lisandra Teresa"]
[Result "1/2-1/2"]
[WhiteElo "2199"]
[BlackElo "2393"]
[Annotator "TA"]
[PlyCount "64"]
[EventDate "2019.08.14"]
[EventType "tourn"]
[EventCountry "USA"]
[SourceTitle "playchess.com"]
[Source "ChessBase"]
[SourceQuality "1"]

{[%evp 13,64,14,22,18,26,2,15,0,0,0,2,-17,-22,-78,-44,-48,-47,-86,-39,-27,0,0,0,0,0,0,0,0,0,0,0,0,0,0,-7,-7,0,-9,-10,0,0,-8,0,0,0,0,0,0,0,0,0,0,0]} 1. e4 e5 2. Nf3 Nc6 3. Bc4 Bc5 4. d3 Nf6 5. O-O O-O 6. c3 d6 7. a4 a6 8. b4 {C54: Giuoco Piano: 4 c3 Nf6, main lines with 5 d4 and 5 d3} Ba7 9. h3 (9. Nbd2 Ne7 10. h3 c6 11. Re1 Ng6 12. d4 Re8 13. Bd3 Qc7 14. a5 Bd7 15. Nf1 d5 16. Nxe5 Nxe5 17. Bf4 Nxe4 18. Bxe4 dxe4 19. Rxe4 {½-½ (31) Anand,V (2779)-Topalov,V (2740) Shamkir 2019}) 9... Ne7 10. Re1 Ng6 11. Bb3 c6 12. Na3 d5 $146 ({Predecessor:} 12... h6 13. Ra2 Nh5 14. Nc4 Nhf4 15. Ne3 Qf6 16. Ng4 Bxg4 17. hxg4 {0-1 (36) Alcoba Gomez,P (2131)-Bernabeu Lopez,C (2335) Las Palmas 2017}) 13. Bg5 (13. a5 $11) 13... h6 $17 14. Bd2 Re8 15. Nc2 dxe4 16. dxe4 Nh5 17. Be3 {The position is equal.} Qf6 18. Ng5 hxg5 19. Qxh5 Nf4 20. Bxf4 $1 gxf4 21. Red1 $1 g6 22. Qh6 a5 23. Ne1 axb4 24. cxb4 Bd4 25. Rac1 Be6 26. Bxe6 Rxe6 27. a5 $1 Rd6 28. Nf3 Rad8 {[#] Threatens to win with ...Bxf2+!} 29. Re1 Qg7 30. Qxg7+ Kxg7 31. Kf1 f6 32. Red1 Kf7 {Accuracy: White = 63%, Black = 77%.} 1/2-1/2

[Event "Berkeley Summer IM 2019"]
[Site "Berkeley"]
[Date "2019.08.18"]
[Round "3.3"]
[White "Krush, Irina"]
[Black "Saikhanchimeg, Tsogtsaikhan"]
[Result "1-0"]
[WhiteElo "2417"]
[BlackElo "2011"]
[Annotator "TA"]
[PlyCount "78"]
[EventDate "2019.08.14"]
[EventType "tourn"]
[EventCountry "USA"]
[SourceTitle "playchess.com"]
[Source "ChessBase"]
[SourceQuality "1"]

{[%evp 26,78,86,70,89,71,119,117,136,90,115,104,125,86,93,59,94,45,57,34,41,-14,27,10,0,-25,102,0,0,0,0,14,12,0,0,0,5,0,39,21,46,45,65,0,0,0,0,7,0,0,329,331,1081,1020,29993]} 1. Nf3 Nf6 2. c4 g6 3. Nc3 Bg7 4. e4 d6 5. d4 O-O 6. Be2 Nc6 7. O-O e5 8. d5 Ne7 9. Ne1 Ne8 10. Be3 f5 11. f3 f4 12. Bf2 g5 13. c5 Ng6 14. Rc1 h5 {E98: King's Indian: Classical Main Line: 9 Ne1} 15. Nb5 (15. cxd6 cxd6 16. a4 Bh6 17. Nd3 Bd7 18. Nb5 a6 19. Na3 Rb8 20. Rc3 Rf7 21. Kh1 Rg7 22. Ne1 {1-0 (51) Mchedlishvili,M (2626)-Rapport,R (2559) Plovdiv 2012}) 15... b6 $146 ({Predecessor:} 15... a6 16. Na3 Rf7 17. Nc4 Bd7 18. cxd6 cxd6 19. Nb6 Rb8 20. Nxd7 Qxd7 21. Bb6 Bf6 22. a4 {1-0 (53) Killmann,M (1947)-Kappl,P (1968) Bayern 2013}) 16. cxd6 cxd6 {White is better.} 17. a4 Rf7 18. Nd3 Nf6 19. Rc6 Bf8 20. Qc2 Bd7 21. Rc1 Ne8 22. Nb4 g4 23. Kh1 ({White should try} 23. Rc3 $14) 23... g3 24. Bg1 gxh2 25. Bf2 Rg7 {[#]} (25... h4 $11) 26. Bf1 ({Only move:} 26. Nc7 $1 $16) 26... Qg5 $11 27. Nc7 Nxc7 $1 (27... Bxc6 $6 28. Ne6 $16) 28. Rxc7 h4 29. Kxh2 h3 30. gxh3 Nh4 31. Qd1 Re8 32. Nc6 $1 a5 $1 33. Rc3 {Black must now prevent Ra7.} (33. Kh1 Rh7) 33... Qh5 34. Rb7 (34. Qe2 $14) 34... Kh8 35. b3 $36 {[%mdl 2048] Black is under pressure.} ({Don't blunder} 35. Rxb6 $2 {[#]} Bxh3 $1 {[%mdl 512]} 36. Bxh3 Rg2+ 37. Kh1 Rxf2 $19) 35... Bxh3 36. Rxg7 Bxf1 37. Qxf1 Bxg7 $4 {[%mdl 8192]} (37... Nxf3+ $11 {and Black is okay.} 38. Kg2 Nd2) 38. Qh3 $18 Nxf3+ $2 (38... Bf6 39. Kg1 (39. Bxb6 $2 Rg8 $19) 39... Rg8+ 40. Kf1 Qh7) 39. Rxf3 Bf6 {Accuracy: White = 44%, Black = 49%.} 1-0

[Event "Berkeley Summer IM 2019"]
[Site "Berkeley"]
[Date "2019.08.18"]
[Round "3.4"]
[White "Uyanga, Byambaa"]
[Black "Lujan, Carolina"]
[Result "1/2-1/2"]
[WhiteElo "2114"]
[BlackElo "2352"]
[Annotator "TA"]
[PlyCount "107"]
[EventDate "2019.08.14"]
[EventType "tourn"]
[EventCountry "USA"]
[SourceTitle "playchess.com"]
[Source "ChessBase"]
[SourceQuality "1"]

{[%evp 12,107,41,4,43,31,40,13,27,39,53,16,27,-18,0,-34,10,31,16,20,35,11,35,38,42,27,75,59,153,139,114,122,130,114,113,113,95,81,98,92,92,92,92,92,92,98,91,72,74,22,18,-8,-14,-17,-8,-7,0,-6,0,-2,-2,-70,-60,-147,-140,-164,-39,-29,-18,-18,33,31,231,231,243,232,436,404,400,382,598,583,499,265,265,256,231,94,98,33,38,14,22,8,8,8,8,8]} 1. e4 d6 2. d4 Nf6 3. Nc3 g6 4. f4 Bg7 5. Nf3 O-O 6. Bd3 Na6 7. Be3 Ng4 {B09: Pirc Defence: Austrian Attack} (7... b6 8. a3 c5 9. Qe2 cxd4 10. Bxd4 Nc5 11. O-O-O Nxd3+ 12. Qxd3 Bb7 13. h4 Rc8 14. f5 e5 15. fxe6 fxe6 {0-1 (33) Perez,R (2365)-Petrosian,T (2595) Philadelphia 2017}) 8. Bg1 c5 9. h3 Nf6 $146 ({Predecessor:} 9... cxd4 10. Nxd4 Nf6 11. Bxa6 bxa6 12. Qd3 Bb7 {½-½ (32) Hadzic,H (2229)-Perez,I (2248) Seattle 2010}) 10. Qd2 Rb8 11. a4 b6 12. Be3 Bb7 13. d5 Nc7 14. O-O a6 15. f5 b5 16. fxg6 hxg6 (16... fxg6 $5 {[%cal Rc5c4]} 17. axb5 axb5 $11) 17. axb5 axb5 {Black wants to play ...c4.} 18. Ng5 $1 $36 {[%mdl 2048] White has good play.} c4 19. Be2 Qc8 ({Black should play} 19... Bh6 $14) 20. Qe1 $16 {aiming for Qh4.} Nh7 21. Nxh7 Kxh7 22. Qh4+ Kg8 23. Qxe7 b4 24. Na4 ({Stronger than} 24. Qxd6 bxc3 25. b4 cxb3 $17) 24... Nb5 25. Nb6 Qe8 26. Qxe8 $1 Rfxe8 27. Bxc4 Rxe4 28. Bf2 $1 Nc7 29. Ra7 Bxb2 30. Bb3 (30. Rd1 $16) 30... Nb5 $11 31. Ra2 Bg7 32. Ra5 Nd4 33. Nc4 Rd8 34. Rd1 Ne2+ 35. Kh1 Nc3 36. Rf1 (36. Rd2 $11) 36... Rf4 {And now ...Ne4 would win.} ({Don't play} 36... Nxd5 $6 37. Ra7 $14) 37. Kg1 (37. Nd2 $15) 37... Bxd5 $17 38. g3 {[#]} Rxc4 ({But not} 38... Bxc4 39. gxf4 Bxf1 40. Kxf1 $15) (38... Re4 $1 $19 39. Rxd5 Nxd5) 39. Rxd5 $1 $15 Rc7 40. Rd3 Re8 ({Better is} 40... Rdd7 $11) 41. Rxd6 $14 Kh7 $2 (41... Re2 $14) 42. Bb6 $1 $18 {[%csl LRc7,LRf7]} Rb7 {White must now prevent ...Rxb6!} 43. Bxf7 {[%mdl 64] Double Attack} Rxb6 $2 (43... Be5) 44. Rxb6 Bd4+ 45. Kh1 Re7 (45... Bxb6 $142 46. Bxe8 Ne4) 46. Bxg6+ Kg7 47. Rxb4 (47. Ra6 $142) 47... Ne2 48. Rxd4 {Threatening mate with Rg4.} Nxg3+ 49. Kg1 (49. Kg2 $18 {is more deadly.} Nxf1 50. Bd3) 49... Ne2+ $16 {[#]} 50. Kg2 ({White should try} 50. Kf2 $1 $16 Nxd4 51. Rg1) 50... Nxd4 $14 51. Bd3 {Kg3 is the strong threat.} Nxc2 $1 {[%mdl 64] Decoy. The position is equal.} 52. Bxc2 {Hoping for Kg3.} Re2+ {[%mdl 64] Double Attack} 53. Rf2 Rxf2+ 54. Kxf2 {Accuracy: White = 49%, Black = 42%.} 1/2-1/2

[Event "Berkeley Summer IM 2019"]
[Site "Berkeley"]
[Date "2019.08.18"]
[Round "3.5"]
[White "Belakovskaia, Anjelina"]
[Black "Wang, Annie"]
[Result "1/2-1/2"]
[WhiteElo "2191"]
[BlackElo "2321"]
[Annotator "TA"]
[PlyCount "77"]
[EventDate "2019.08.14"]
[EventType "tourn"]
[EventCountry "USA"]
[SourceTitle "playchess.com"]
[Source "ChessBase"]
[SourceQuality "1"]

{[%evp 19,77,0,0,-26,0,-40,-20,-27,69,46,49,87,62,23,61,57,101,100,90,-38,0,0,0,0,0,0,0,0,0,0,44,0,393,353,533,479,535,508,835,821,1322,864,838,829,840,0,377,62,264,0,0,0,0,0,0,0,0,0,0,0]} 1. c4 e6 2. Nc3 d5 3. d4 Be7 4. Nf3 Nf6 5. Bg5 h6 6. Bxf6 Bxf6 7. e3 O-O 8. cxd5 exd5 9. Qb3 c6 10. Bd3 Nd7 11. O-O-O {D55: Queen's Gambit Declined: 4 Bg5 Be7: Lines without ...h6 and 6...h6 7 Bxf6} (11. h4 Re8 12. g4 Nf8 13. g5 hxg5 14. hxg5 Bxg5 15. Ne5 Rxe5 16. dxe5 d4 17. O-O-O Be6 18. Qc2 Qa5 19. Ne4 Bh6 20. Nf6+ Kh8 21. Rdg1 Nd7 22. Bc4 Nxf6 23. exf6 Bf5 24. fxg7+ Kh7 25. Bd3 {1-0 (25) Kulaots,K (2586)-Pacher,M (2470) Legnica 2013}) 11... b5 12. g4 Nb6 $146 (12... Bh4 $5 13. Rdf1 (13. Nxh4 Qxh4 {[%mdl 64] Double Attack} 14. Qc2 Qxg4 $15) 13... a5 $11) ({Predecessor:} 12... g6 13. h4 Bg7 14. g5 h5 15. e4 Qc7 16. e5 Nb6 17. Rde1 Be6 18. Kb1 Rfc8 {0-1 (59) Spodny,J-Kiviaho,A ICCF corr 1976}) 13. Rdg1 a5 (13... g6 $1 $11) 14. h4 $1 $14 a4 15. Qd1 b4 16. Ne2 Be7 17. g5 {Hoping for gxh6.} Qd6 18. Nf4 Nc4 19. Bb1 (19. Qe2 $16) 19... b3 (19... h5 $5) 20. axb3 axb3 {And now ...Bf5! would win.} 21. Qd3 $1 {[%csl Gb1][%cal Rd3h7]} g6 {Threatens to win with ...Bf5.} 22. gxh6 $40 {[%mdl 128] White is up to no good.} Nxb2 $1 23. Qxb3 Nc4 {White must now prevent ...Rb8.} 24. h5 Ra1 {aiming for ...Bf5.} 25. Qc2 Qa3+ $2 {[%mdl 8192]} (25... Na3 $11 {and Black has nothing to worry.} 26. hxg6 Nxc2 27. h7+ Kg7 28. Nh5+ Kh6 29. Nf6+ Kg7 $1 {[%mdl 512]} 30. Nh5+ Kh6 31. Nf6+ Kg7 32. Nh5+) 26. Kd1 $18 {Intending Rxg6+! and mate.} Nb2+ {[#]} (26... Rxb1+ $142 27. Qxb1 Nxe3+ 28. fxe3 Qxe3) 27. Ke1 $1 Rxb1+ 28. Qxb1 Ba6 (28... Qa5+ $142 29. Kf1 Qb5+ 30. Ne2 Ba6) 29. hxg6 Bb4+ 30. Nd2 Bxd2+ 31. Kxd2 Nc4+ 32. Kd1 $2 (32. Ke2 $18 {White wants to mate with gxf7+.} Ne5+ 33. Kd1 Qa4+ 34. Kc1 Qa3+ 35. Kd1 Qa4+ 36. Kc1 Qa3+ 37. Kd1) 32... Qa4+ $2 {[%mdl 8192] [#]} (32... Nb2+ $1 $11 {and Black stays safe.} 33. Kd2 Nc4+ 34. Ke2 Ne5+ 35. Kd1 Qa4+ 36. Kc1 Qa3+ 37. Qb2 Qxb2+ 38. Kxb2 Rb8+ 39. Kc3 Nxg6 40. h7+ Kh8 41. Rxg6 fxg6 42. Nxg6+ Kg7 43. h8=Q+ Rxh8 44. Nxh8 Be2) 33. Kc1 $2 (33. Qc2 Qa1+ 34. Ke2 Ne5+ 35. Nd3 Bxd3+ 36. Qxd3 Qb2+ 37. Qd2 Qb5+ 38. Kd1 Qb1+ 39. Ke2 (39. Qc1 Qd3+ 40. Qd2 Qb1+ 41. Ke2 Qb5+ 42. Kd1 Qb1+ $11 {[%mdl 64] Double Attack}) 39... Qb5+ 40. Kd1 Qb1+ {[%mdl 64] Double Attack} 41. Qc1 Qd3+ 42. Qd2 Qb1+ $11) (33. Ke2 $1 $18 {White threatens gxf7+ and mate.} Ne5+ 34. Kd2 Nf3+ 35. Kc1 Nxg1 36. gxf7+ Kxf7 37. Rxg1 Qa3+ 38. Qb2 Qxb2+ 39. Kxb2) 33... Qa3+ $14 {[#]} 34. Kd1 $2 (34. Kc2 $1 $18 Bb5 35. h7+ Kg7 36. gxf7+ Kf6 37. Rh6+ (37. Kd1 Qa4+ 38. Ke2 Ne5+ 39. Kd2 Qa5+ 40. Kd1 Ba4+ 41. Ke2 Bb5+ 42. Nd3 Bxd3+ 43. Qxd3 Nxd3 $11) 37... Ke7 38. Kd1 (38. Ng6+ Kd8 $11)) 34... Nb2+ $11 {The position is equal.} 35. Qxb2 Qxb2 36. h7+ Kg7 37. Nh5+ Kh6 {Strongly threatening ...Be2+.} 38. Nf6+ Kg7 39. Nh5+ {Accuracy: White = 56%, Black = 40%.} 1/2-1/2

[Event "Berkeley Summer IM 2019"]
[Site "Berkeley"]
[Date "2019.08.19"]
[Round "4.1"]
[White "Cervantes Landeiro, Thalia"]
[Black "Hernandez Moya, Yuleisy"]
[Result "1/2-1/2"]
[WhiteElo "2118"]
[BlackElo "2199"]
[Annotator "TA"]
[PlyCount "57"]
[EventDate "2019.08.14"]
[EventType "tourn"]
[EventCountry "USA"]
[SourceTitle "playchess.com"]
[Source "ChessBase"]
[SourceQuality "1"]

{[%evp 18,57,44,0,6,-14,-19,-16,45,41,45,56,43,38,35,45,39,45,64,47,75,0,0,-27,74,75,96,82,131,93,89,40,26,15,22,0,31,0,25,0,27,0]} 1. d4 f5 2. c4 Nf6 3. g3 g6 4. Bg2 Bg7 5. Nc3 c6 6. Nh3 O-O 7. O-O d6 8. d5 e5 9. dxe6 Bxe6 10. Qd3 Nbd7 {A86: Dutch Defence: Leningrad System: Unusual lines and 5 Nh3} (10... Kh8 11. Ng5 Bg8 12. Rb1 Na6 13. b3 d5 14. cxd5 Nb4 15. Qd2 Nfxd5 16. Nxd5 Nxd5 17. Bb2 Bxb2 18. Rxb2 {1-0 (47) Mirzoev,A (2541)-Stremavicius,T (2434) Panevezys 2017}) 11. Qxd6 Bxc4 12. Qb4 Nb6 (12... b5 $11 13. Bxc6 a5) 13. Be3 {[#] And now Bxb6 would win.} Nfd7 14. Rfd1 {aiming for Bxb6.} a5 15. Qd6 Qb8 16. Qd2 Qe8 $146 ({Predecessor:} 16... a4 17. Bd4 Rd8 18. Qg5 Bxd4 19. Rxd4 Ne5 20. Rad1 Rxd4 21. Rxd4 Qf8 {½-½ (21) Reilly,P (2186)-Smithers,S (2392) IECG email 1997}) 17. Qc2 {Threatens to win with Na4.} Be6 18. Ng5 Kh8 19. Rd6 (19. Nxe6 $16 Qxe6 20. b3) 19... Bg8 $1 $11 20. Rad1 Rf6 (20... Nc4 $11 21. Rxd7 Nxe3 22. fxe3 Qxe3+ {[%mdl 64] Double Attack} 23. Kh1 Qxg5) 21. R6d3 h6 22. Nf3 Nd5 {Black wants to play ...Nb4.} 23. Nxd5 Bxd5 24. Ne1 Ne5 25. R3d2 Nc4 26. Rd3 Ne5 27. R3d2 (27. Rc3 $5 {[%cal Rg2d5]}) 27... Nc4 {[%mdl 64] [#] Double Attack} 28. Rd3 Ne5 29. R3d2 {Accuracy: White = 43%, Black = 40%.} (29. Rc3 $5 {[%cal Rg2d5]}) 1/2-1/2

[Event "Berkeley Summer IM 2019"]
[Site "Berkeley"]
[Date "2019.08.19"]
[Round "4.2"]
[White "Wang, Annie"]
[Black "Uyanga, Byambaa"]
[Result "1-0"]
[WhiteElo "2321"]
[BlackElo "2114"]
[Annotator "TA"]
[PlyCount "85"]
[EventDate "2019.08.14"]
[EventType "tourn"]
[EventCountry "USA"]
[SourceTitle "playchess.com"]
[Source "ChessBase"]
[SourceQuality "1"]

{[%evp 14,85,51,51,62,54,54,55,59,47,68,55,59,52,87,65,148,64,59,18,115,89,79,85,87,85,108,78,146,86,206,209,294,280,293,234,250,239,223,253,241,181,180,179,306,324,305,299,314,322,294,282,284,0,0,0,124,97,127,-4,-8,-7,-8,-8,-8,-8,764,773,852,797,29984,29985,29985,29986]} 1. d4 Nf6 2. c4 g6 3. Nc3 Bg7 4. e4 d6 5. Be2 O-O 6. Be3 e5 7. d5 Nbd7 8. g4 Nc5 {E73: King's Indian: Averbakh Variation without 6...c5} 9. f3 a5 10. h4 c6 {White is slightly better.} (10... h5 11. g5 Nh7 12. Kd2 Bd7 13. Nh3 c6 14. Nf2 cxd5 15. exd5 f5 16. gxf6 Nxf6 17. Bxc5 dxc5 {0-1 (37) Vallejo Pons,F (2705)-Radjabov,T (2741) Palma de Mallorca 2017}) 11. h5 cxd5 {[#] Threatens to win with ...d4.} 12. cxd5 Bd7 13. Qd2 Rc8 14. Nh3 $146 ({Predecessor:} 14. hxg6 fxg6 15. Nh3 {1-0 (28) Steponavicius,S (2196)-Tuska,R Vilnius 2013}) 14... b5 (14... gxh5 $14 15. g5 Ne8) 15. Nf2 (15. h6 $16 Bh8 16. Bxb5) 15... b4 $14 16. Ncd1 (16. Nb5 {looks sharper.} Qb6 17. a4 Qb8 18. h6 Bh8 19. Qd1) 16... Qb6 (16... gxh5 $11 17. gxh5 Ne8) 17. Nd3 Nxd3+ 18. Bxd3 Qb7 19. Qe2 Rc7 20. Bg5 Bc8 (20... gxh5 $142 21. Qd2 Ne8) 21. Ne3 ({Better is} 21. h6 Bh8 22. Ne3) 21... Ne8 (21... h6 $16 {was worth a try.}) 22. Nc4 $18 f6 (22... h6 $142) 23. Be3 (23. Nxa5 Qa8 $15) 23... a4 24. Na5 Qa8 25. Nc6 f5 26. hxg6 fxg4 27. gxh7+ Kh8 28. fxg4 a3 (28... Nf6 {was necessary.} 29. g5 Ng4) 29. g5 axb2 30. Qxb2 Ba6 31. Bxa6 Qxa6 32. O-O-O (32. Qxb4 Qd3 $14) 32... Rcf7 33. g6 $2 ({Stronger than} 33. Qxb4 Rb7 $15) (33. Rh2 $18) 33... Rf3 $11 34. Bd2 {Strongly threatening Rde1.} ({Not} 34. Qxb4 $2 Rxe3 35. Nd8 Qc8+ 36. Kd2 Ref3 $19) 34... Nc7 (34... b3 $11 35. axb3 Nf6) 35. Nxb4 $16 Qa4 36. Nc6 ({White should play} 36. Qc2 $16 Qa3+ 37. Kb1) 36... Qxe4 $11 37. Qc2 Qxc2+ 38. Kxc2 {And now Bh6 would win.} Nxd5 {aiming for ...Rc8.} 39. Kb1 $36 {[%mdl 2048] White fights for an advantage.} Nc3+ $2 {[%mdl 8192]} (39... e4 $11) 40. Bxc3 $1 $18 {[%mdl 64] [#] Discovered Attack} Rxc3 41. Rxd6 Rc8 42. Rd8+ Rxd8 43. Nxd8 {Accuracy: White = 55%, Black = 50%.} 1-0